000 00360nam a22001457a 4500
003 LK-CoDNM
005 20240829131519.0
008 240829b |||||||| |||| 00| 0 eng d
040 _aLK-CoDNM
_dLK-CoDNM
_eLK-CoDNM
080 _b1932
245 _aThe ceylon Civil List
260 _aColombo
_bGoverment press
_c1932
300 _b204p. : 24 cm
942 _cBK
999 _c150038
_d150038